000 01328nam a22003257i 4500
999 _c23389
_d23389
003 AR-CdUCM
008 250903b20192019 pe||||| |||| 00| 0 spa d
040 _aMUNICIPALIDAD PROVINCIAL DEL CUSCO
_cBIBLIOTECA MUNICIPAL DEL CUSCO
041 _hspa
082 _a372.985613 / C41
_bC41
100 _aCcoyori Espinoza, Silvia
_951487
245 _aInvestigación Acción Participativa :
_bUna manera divertida para desarrollar los valores utilizando estrategias vivenciales /
260 _aCusco :
_bAutor-Editor
_c2019
300 _a224 páginas. :
_c20x15 cm.
500 _zPáginas: 217-223
505 _aPresentación del problema -- Formulación de la guía de acción -- Realidad del distrito de Sicuani -- Toponimia -- Antecedentes de la investigación -- Valores en la comunidad - Valores emocionales -- Carencia de valores -- Concepto de solidaridad
650 _aInvestigación
_91940
650 _aProblema
_921116
650 _aDiagnóstico
_922238
650 _aValores
_95705
650 _aÉtica
_91337
650 _aSolidaridad
_91043
650 _aPuntualidad
_951488
650 _aFundamentos
_928176
700 _aTaype Mayta, Lizbeth Yamile
_951489
700 _aYahuaire Huamán, Cledey
_951490
700 _aBustamante Gamarra, Moisés
_951491
942 _2ddc
_cLIBROS
945 _apbjr
_d03-09-2025